000 00721nam a2200241 i 4500
001 134065
003 ES-MaACL
005 20230906194606.0
007 t|
008 070905s1969 sp ||||1| spa d
080 _a939.73(02)
100 1 _aWarmington, B. H.
_9116109
245 1 0 _aCartago /
_cB.H. Warmington ; [versión de José Luis Lana].
250 _a1ª ed.
260 _aBarcelona :
_bLuis de Caralt,
_c1969.
300 _a329 p., 3 lám. :
_bmapas ;
_c22 cm.
490 1 _aCultura histórica
651 4 _aCartago (Ciudad desaparecida)-
_xHistoria.
_9147979
700 1 _aLana, José Luis.
_969884
830 1 _aCultura histórica
_9182395
852 _aES-MaACL
_jC-38631
999 _c134065
_d134065